Statystyki dla Najlepsi Strzelcy Wszechczasów Ligii Mistrzów

Kliknij tutaj aby rozwiązać quiz!

Ogólne statystyki

  • Ten quiz został rozwiązany 168 razy
  • Średni wynik to 6 z 10

Statystyki odpowiedzi

BramkiPiłkarz% Poprawnych
123Messi
99%
140Ronaldo
99%
82Lewandowski
97%
76Benzema
90%
71Raul
71%
48Ibrahimovic
59%
50Henry
54%
49Muller
39%
56van Nistelrooy
23%
49di Stefano
14%

Rozkład punktacji

Percentyl według liczby udzielonych odpowiedzi

Procent ludzi z każdym wynikiem

Twoja historia wyników

Nie rozwiązałeś tego quizu